000 00342nam a22001457a 4500
008 221110b ||||| |||| 00| 0 eng d
020 _a9780838514740
041 _aeng
080 _2FOURTH EDITION
_a610.73
082 _a610.73 AHR
100 _a9
101 _aINF
245 _aCRITICAL CARE CERTIFICATION
_cAHRENS TH
942 _2udc
_cBK
999 _c58853
_d58853